[Event "Hastings Masters 2016/17"]
[Site "Hastings, England"]
[Date "2017.01.01"]
[Round "5.30"]
[White "Scott, Gordon W"]
[Black "Larsen, Andreas"]
[Result "1/2-1/2"]
[WhiteElo "2198"]
[BlackElo "1976"]
[PlyCount "0"]
[EventDate "2016.12.28"]

1. d4 {[%clk 1:40:57]} d5 {[%clk 1:40:54]} 2. c4 {[%clk 1:41:24]} e5
{[%clk 1:41:19]} 3. dxe5 {[%clk 1:41:50]} d4 {[%clk 1:41:44]} 4. Nf3
{[%clk 1:42:17]} Nc6 {[%clk 1:42:09]} 5. a3 {[%clk 1:42:44]} Nge7
{[%clk 1:42:17]} 6. b4 {[%clk 1:43:07]} Ng6 {[%clk 1:42:42]} 7. Bb2
{[%clk 1:43:16]} a5 {[%clk 1:42:16]} 8. b5 {[%clk 1:43:41]} Ncxe5
{[%clk 1:42:27]} 9. Qxd4 {[%clk 1:43:35]} Qxd4 {[%clk 1:37:13]} 10. Bxd4
{[%clk 1:43:59]} Nxc4 {[%clk 1:32:54]} 11. e3 {[%clk 1:44:24]} Nd6
{[%clk 1:30:44]} 12. Nbd2 {[%clk 1:44:49]} Bd7 {[%clk 1:26:31]} 13. a4
{[%clk 1:45:14]} c6 {[%clk 1:23:22]} 14. bxc6 {[%clk 1:21:37]} Bxc6
{[%clk 1:23:18]} 15. Bc3 {[%clk 1:20:48]} f6 {[%clk 1:21:43]} 16. Be2
{[%clk 1:02:04]} Be7 {[%clk 1:21:26]} 17. O-O {[%clk 1:02:28]} O-O
{[%clk 1:21:01]} 18. Nd4 {[%clk 0:53:03]} Bd5 {[%clk 1:10:44]} 19. f3
{[%clk 0:42:35]} Rfc8 {[%clk 1:05:37]} 20. Bb2 {[%clk 0:41:02]} Nc4
{[%clk 1:01:43]} 21. Nxc4 {[%clk 0:37:59]} Bxc4 {[%clk 1:02:06]} 22. Bxc4+
{[%clk 0:38:25]} Rxc4 {[%clk 1:02:30]} 23. Ba3 {[%clk 0:37:17]} Rxa4
{[%clk 0:57:36]} 24. Bxe7 {[%clk 0:16:25]} Rxa1 {[%clk 0:57:58]} 25. Rxa1
{[%clk 0:16:52]} Nxe7 {[%clk 0:58:21]} 26. Rb1 {[%clk 0:16:41]} Nd5
{[%clk 0:53:28]} 27. Rxb7 {[%clk 0:15:59]} Nxe3 {[%clk 0:53:50]} 28. Rb3
{[%clk 0:13:56]} Nc4 {[%clk 0:46:07]} 29. Rc3 {[%clk 0:14:06]} Nb6
{[%clk 0:45:31]} 30. Rb3 {[%clk 0:13:10]} Nc4 {[%clk 0:44:33]} 31. Rc3
{[%clk 0:13:31]} Nb6 {[%clk 0:44:17]} 32. Rb3 {[%clk 0:13:50]} Nc4 1/2-1/2

[Event "Hastings Masters 2016/17"]
[Site "Hastings, England"]
[Date "2017.01.01"]
[Round "5.31"]
[White "Burrows, Martin P"]
[Black "Pickersgill, Adrian O"]
[Result "1/2-1/2"]
[WhiteElo "2124"]
[BlackElo "1985"]
[PlyCount "0"]
[EventDate "2016.12.28"]

1. e4 {[%clk 1:40:54]} d6 {[%clk 1:40:53]} 2. d4 {[%clk 1:41:12]} Nf6
{[%clk 1:41:13]} 3. Nc3 {[%clk 1:41:36]} c6 {[%clk 1:41:36]} 4. f4
{[%clk 1:41:42]} Qa5 {[%clk 1:41:53]} 5. Bd3 {[%clk 1:41:45]} e5 {[%clk 1:41:43]}
6. Nf3 {[%clk 1:41:37]} Bg4 {[%clk 1:41:43]} 7. Be3 {[%clk 1:41:33]} Nbd7
{[%clk 1:41:53]} 8. O-O {[%clk 1:41:20]} Be7 {[%clk 1:42:13]} 9. h3
{[%clk 1:41:14]} Bh5 {[%clk 1:41:46]} 10. Qe1 {[%clk 1:41:19]} Bxf3
{[%clk 1:42:03]} 11. Rxf3 {[%clk 1:41:28]} O-O {[%clk 1:41:53]} 12. a3
{[%clk 1:41:18]} Qc7 {[%clk 1:41:56]} 13. Qf2 {[%clk 1:41:05]} Nh5
{[%clk 1:37:05]} 14. fxe5 {[%clk 1:40:28]} dxe5 {[%clk 1:37:09]} 15. d5
{[%clk 1:40:14]} Nf4 {[%clk 1:32:47]} 16. Kh1 {[%clk 1:34:32]} Nxd3
{[%clk 1:24:42]} 17. cxd3 {[%clk 1:34:52]} a6 {[%clk 1:18:43]} 18. Rc1
{[%clk 1:15:29]} Qd6 {[%clk 1:14:36]} 19. Rf5 {[%clk 1:04:31]} Rac8
{[%clk 1:03:57]} 20. Rf1 {[%clk 1:03:05]} Kh8 {[%clk 1:00:51]} 21. Qg3
{[%clk 0:56:54]} Bf6 {[%clk 0:56:24]} 22. d4 {[%clk 0:44:33]} Qe7
{[%clk 0:55:33]} 23. dxc6 {[%clk 0:43:35]} bxc6 {[%clk 0:54:50]} 24. d5
{[%clk 0:43:40]} c5 {[%clk 0:50:32]} 25. Rd1 {[%clk 0:32:47]} Qd6
{[%clk 0:50:12]} 26. Rf2 {[%clk 0:32:32]} Rb8 {[%clk 0:48:51]} 27. Rc2
{[%clk 0:30:30]} Be7 {[%clk 0:37:21]} 28. Na4 {[%clk 0:26:12]} Rb5
{[%clk 0:36:29]} 29. Qf2 {[%clk 0:21:24]} Kg8 {[%clk 0:19:58]} 30. Rdc1
{[%clk 0:20:53]} Qg6 {[%clk 0:17:47]} 31. Nc3 {[%clk 0:17:05]} Rb3
{[%clk 0:14:29]} 32. Rd1 {[%clk 0:12:48]} Bd6 {[%clk 0:13:55]} 33. Qf5
{[%clk 0:12:20]} Qxf5 {[%clk 0:14:06]} 34. exf5 {[%clk 0:12:48]} Rfb8
{[%clk 0:11:32]} 35. Bc1 {[%clk 0:09:26]} Nf6 {[%clk 0:11:12]} 36. Bg5
{[%clk 0:08:58]} Ne8 {[%clk 0:08:36]} 37. Rdd2 {[%clk 0:09:01]} f6
{[%clk 0:08:24]} 38. Bh4 {[%clk 0:07:42]} Kf7 {[%clk 0:01:15]} 39. Ne4
{[%clk 0:06:44]} c4 {[%clk 0:01:28]} 40. Bf2 {[%clk 0:04:51]} Ke7
{[%clk 0:01:07]} 41. Bc5 {[%clk 0:45:48]} Rd3 {[%clk 0:49:11]} 42. a4
{[%clk 0:33:33]} Rxd2 {[%clk 0:47:46]} 43. Rxd2 {[%clk 0:33:25]} Bxc5
{[%clk 0:47:39]} 44. Nxc5 {[%clk 0:33:49]} Rb4 {[%clk 0:41:50]} 45. Nxa6
{[%clk 0:31:17]} Rxa4 {[%clk 0:42:11]} 46. Nc5 {[%clk 0:31:25]} Rb4
{[%clk 0:41:54]} 47. g4 {[%clk 0:30:12]} Nd6 {[%clk 0:40:27]} 48. Kg2
{[%clk 0:27:10]} 1/2-1/2

[Event "Hastings Masters 2016/17"]
[Site "Hastings, England"]
[Date "2017.01.01"]
[Round "5.32"]
[White "Howell, Oliver W"]
[Black "Trevelyan, John"]
[Result "1-0"]
[WhiteElo "1575"]
[BlackElo "2082"]
[PlyCount "0"]
[EventDate "2016.12.28"]

1. Nf3 {[%clk 1:40:42]} Nc6 {[%clk 1:40:39]} 2. e4 {[%clk 1:40:46]} e5
{[%clk 1:40:58]} 3. Bb5 {[%clk 1:40:49]} d6 {[%clk 1:40:15]} 4. O-O
{[%clk 1:40:55]} Nf6 {[%clk 1:40:36]} 5. Re1 {[%clk 1:40:30]} Bd7
{[%clk 1:40:59]} 6. d3 {[%clk 1:39:44]} Be7 {[%clk 1:39:37]} 7. h3
{[%clk 1:39:20]} O-O {[%clk 1:37:48]} 8. Be3 {[%clk 1:37:49]} h6 {[%clk 1:36:59]}
9. Nbd2 {[%clk 1:37:26]} a6 {[%clk 1:35:54]} 10. Ba4 {[%clk 1:37:41]} b5
{[%clk 1:35:54]} 11. Bb3 {[%clk 1:37:43]} Na5 {[%clk 1:36:01]} 12. Nf1
{[%clk 1:35:46]} Nxb3 {[%clk 1:36:09]} 13. axb3 {[%clk 1:35:59]} Kh7
{[%clk 1:34:34]} 14. Ng3 {[%clk 1:31:25]} g6 {[%clk 1:34:46]} 15. Qd2
{[%clk 1:29:36]} Ng8 16. d4 {[%clk 1:22:47]} exd4 {[%clk 1:30:58]} 17. Bxd4
{[%clk 1:20:10]} Bf6 {[%clk 1:28:05]} 18. e5 {[%clk 1:09:20]} dxe5
{[%clk 1:28:14]} 19. Bxe5 {[%clk 1:08:42]} Bxe5 {[%clk 1:23:56]} 20. Nxe5
{[%clk 1:08:05]} Be6 {[%clk 1:24:07]} 21. Qxd8 {[%clk 1:06:29]} Rfxd8
{[%clk 1:24:26]} 22. Ne4 {[%clk 1:03:15]} Kg7 {[%clk 1:22:05]} 23. Nc5
{[%clk 1:00:14]} Rd2 24. Rac1 {[%clk 0:53:38]} Bf5 {[%clk 1:16:37]} 25. Ncd3
{[%clk 0:50:45]} Re8 {[%clk 1:12:42]} 26. Nf3 {[%clk 0:26:04]} Rde2
{[%clk 1:10:35]} 27. Rxe2 {[%clk 0:25:20]} Rxe2 {[%clk 1:10:54]} 28. Nd4
{[%clk 0:24:37]} Bxd3 {[%clk 1:10:34]} 29. Nxe2 {[%clk 0:24:55]} Bxe2
{[%clk 1:10:55]} 30. Re1 {[%clk 0:25:16]} 1-0

[Event "Hastings Masters 2016/17"]
[Site "Hastings, England"]
[Date "2017.01.01"]
[Round "5.33"]
[White "Ruane, Brendan J"]
[Black "Rayner, Francis"]
[Result "1/2-1/2"]
[WhiteElo "1867"]
[BlackElo "2080"]
[PlyCount "0"]
[EventDate "2016.12.28"]

1. e4 c5 2. Nf3 Nc6 3. d4 cxd4 4. Nxd4 Nf6 5. Nc3 e6 6. Be3 Bb4 7. Bd3 d5 8.
Nxc6 bxc6 9. exd5 cxd5 10. O-O O-O 11. Bd4 a5 12. Qe2 Bb7 13. Rad1 Bc6 14. f4
Re8 15. Rf3 g6 16. Qe5 Be7 17. Rh3 Qb8 18. Qg5 Nh5 19. Qxh5 gxh5 20. Rg3+ Kf8
21. Bg7+ Kg8 22. Bf6+ 1/2-1/2

[Event "Hastings Masters 2016/17"]
[Site "Horntye Park Sports Complex, B"]
[Date "2017.01.01"]
[Round "5.34"]
[White "Sugden, John N"]
[Black "Vangsgaard, Freja"]
[Result "0-1"]
[WhiteElo "2071"]
[BlackElo "1975"]
[PlyCount "82"]
[EventDate "2016.12.28"]

1. e4 c6 2. d4 d5 3. e5 Bf5 4. Nf3 e6 5. Be2 c5 6. O-O Nc6 7. c3 cxd4 8. cxd4
h6 9. Nc3 Nge7 10. Be3 Nc8 11. Rc1 Be7 12. Na4 O-O 13. Nc5 Qc7 14. Qd2 Nb6 15.
b3 Nd7 16. Nxd7 Qxd7 17. Qb2 a6 18. a3 Rfc8 19. b4 b5 20. Ne1 Na7 21. Nd3 Bxd3
22. Bxd3 Rxc1 23. Rxc1 Rc8 24. Rxc8+ Nxc8 25. Qc3 Nb6 26. Bb1 Bf8 27. Qc2 g6
28. h4 Nc4 29. Bc1 h5 30. Kf1 Qd8 31. g3 a5 32. a4 bxa4 33. Qxa4 axb4 34. Be3
Qa5 35. Bc2 Qxa4 36. Bxa4 Na5 37. Ke2 b3 38. Kd1 b2 39. Kc2 Nc4 40. Bg5 Bb4 41.
Bb3 Bc3 0-1

[Event "Hastings Masters 2016/17"]
[Site "Horntye Park Sports Complex, B"]
[Date "2017.01.01"]
[Round "5.35"]
[White "Punnett, Alan K"]
[Black "Sikkel, Dirk"]
[Result "1-0"]
[WhiteElo "2047"]
[BlackElo "1956"]
[PlyCount "85"]
[EventDate "2016.12.28"]

1. d4 g6 2. c4 Bg7 3. Nc3 d6 4. Nf3 e5 5. e4 Nc6 6. Be3 exd4 7. Nxd4 Nge7 8.
Be2 O-O 9. O-O f5 10. Nxc6 bxc6 11. Bd4 Bh6 12. c5 d5 13. exd5 cxd5 14. Bb5 Rb8
15. Qe2 Rf7 16. c6 Bg7 17. Rad1 f4 18. Bxg7 Kxg7 19. Qe5+ Kh6 20. Rfe1 Qf8 21.
Qxc7 Bg4 22. Rd2 Rc8 23. Qxa7 Nxc6 24. Qa4 Ra8 25. Qb3 Ne7 26. h3 Bf5 27. Nxd5
Rd8 28. Bc4 Nc6 29. Qc3 Rfd7 30. Rde2 Qc5 31. Bb3 Rxd5 32. Bxd5 Qxc3 33. bxc3
Rxd5 34. Rc1 Rc5 35. Rb2 Ne5 36. Rb7 Nd3 37. Rc2 Ne5 38. Re2 Bd3 39. Re1 Nc6
40. Rd1 Rxc3 41. Rc7 Bb5 42. Rdd7 g5 43. Rd6+ 1-0

[Event "Hastings Masters 2016/17"]
[Site "Horntye Park Sports Complex, B"]
[Date "2017.01.01"]
[Round "5.36"]
[White "Krueger, Norbert"]
[Black "Witt, Holger"]
[Result "1-0"]
[WhiteElo "2046"]
[BlackElo "1628"]
[PlyCount "63"]
[EventDate "2016.12.28"]

1. e4 e6 2. d4 d5 3. Nd2 dxe4 4. Nxe4 Bd7 5. Nf3 Bc6 6. Bd3 Bxe4 7. Bxe4 c6 8.
c3 Nf6 9. Bc2 Bd6 10. O-O Qc7 11. Re1 Nbd7 12. Qe2 O-O 13. Bg5 Rfe8 14. Ne5
Rac8 15. Rac1 Be7 16. Qd3 g6 17. Qh3 Nxe5 18. Rxe5 Nd5 19. Bh6 Nf6 20. Qf3 Qd8
21. h4 Bf8 22. Bg5 Be7 23. Rce1 Rc7 24. g3 Rd7 25. Bb3 Nd5 26. Bxe7 Qxe7 27. h5
Kg7 28. Kg2 Red8 29. c4 Nc7 30. d5 cxd5 31. cxd5 Qf6 32. h6+ 1-0

[Event "Hastings Masters 2016/17"]
[Site "Hastings, England"]
[Date "2017.01.01"]
[Round "5.37"]
[White "Dilleigh, Stephen P"]
[Black "Forster, Matthew"]
[Result "1/2-1/2"]
[WhiteElo "2038"]
[BlackElo "1813"]
[PlyCount "0"]
[EventDate "2016.12.28"]

1. Nf3 c5 2. c4 Nc6 3. Nc3 g6 4. e3 Bg7 5. d4 cxd4 6. exd4 d6 7. d5 Ne5 8. Nxe5
Bxe5 9. Be3 Bg7 10. Qd2 Bd7 11. Be2 a6 12. O-O Nf6 13. h3 O-O 14. a4 b6 15.
Rac1 Rb8 16. b3 Ne8 17. Na2 Nc7 18. Nb4 a5 19. Nc2 Na6 20. Nd4 Nc5 21. Rb1 Re8
1/2-1/2

[Event "Hastings Masters 2016/17"]
[Site "Horntye Park Sports Complex, B"]
[Date "2017.01.01"]
[Round "5.38"]
[White "Gaudeau, Valentin"]
[Black "Kearsley, Raymond J"]
[Result "1-0"]
[WhiteElo "2182"]
[BlackElo "1718"]
[PlyCount "29"]
[EventDate "2016.12.28"]

1. d4 Nf6 2. Nf3 d6 3. Bf4 g6 4. e3 Bg7 5. h3 O-O 6. Be2 Nbd7 7. O-O c6 8. c4
Qc7 9. Nc3 e5 10. Bh2 Re8 11. c5 Nf8 12. cxd6 Qxd6 13. Nxe5 Qb4 14. Nc4 Bf5 15.
Bd6 1-0

[Event "Hastings Masters 2016/17"]
[Site "Horntye Park Sports Complex, B"]
[Date "2017.01.01"]
[Round "5.39"]
[White "Batchelor, Paul A"]
[Black "Raddatz, Michael"]
[Result "0-1"]
[WhiteElo "1965"]
[BlackElo "2028"]
[PlyCount "60"]
[EventDate "2016.12.28"]

1. d4 Nf6 2. c4 g6 3. Nc3 Bg7 4. e4 d6 5. f3 O-O 6. Bg5 Nbd7 7. Nh3 c5 8. d5
Qa5 9. Qd2 Ne5 10. Nf2 a6 11. f4 Neg4 12. Nxg4 Nxg4 13. h3 Nf6 14. Bd3 b5 15.
O-O Re8 16. cxb5 axb5 17. Rfe1 c4 18. Bf1 b4 19. Nd1 Ba6 20. Bh4 Rac8 21. g4 c3
22. bxc3 bxc3 23. Qc2 Bxf1 24. Kxf1 Qa6+ 25. Kg2 Rc4 26. Rb1 Qa5 27. Re3 Nxe4
28. Rxe4 Qxd5 29. Nf2 f5 30. gxf5 gxf5 0-1

[Event "Hastings Masters 2016/17"]
[Site "Hastings, England"]
[Date "2017.01.01"]
[Round "5.40"]
[White "White, Stuart A"]
[Black "Dennis, Nigel W"]
[Result "1-0"]
[WhiteElo "1999"]
[BlackElo "1818"]
[PlyCount "0"]
[EventDate "2016.12.28"]

1. d4 Nf6 2. c4 g6 3. Nc3 Bg7 4. e4 d6 5. Nf3 O-O 6. h3 c5 7. d5 e6 8. Bd3 exd5
9. exd5 Re8+ 10. Be3 Nbd7 11. O-O Nh5 12. g4 Nhf6 13. Nb5 Qb6 14. a4 Nb8 15.
Bf4 Bf8 16. Qd2 Na6 17. Bg5 Bg7 18. Qf4 Nb4 19. Rad1 Nxd3 20. Rxd3 Re4 21. Qxd6
Rxc4 22. Re1 Ne4 23. Qxb6 axb6 24. Nd2 Nxg5 25. Nxc4 Bd7 26. Nxb6 Bxb5 27. axb5
Rd8 28. h4 Ne6 29. dxe6 1-0

[Event "Hastings Masters 2016/17"]
[Site "Horntye Park Sports Complex, B"]
[Date "2017.01.01"]
[Round "5.41"]
[White "Macrae, James S"]
[Black "Norinkeviciute, Rasa"]
[Result "0-1"]
[WhiteElo "1642"]
[BlackElo "1994"]
[PlyCount "52"]
[EventDate "2016.12.28"]

1. e4 b6 2. Nc3 e6 3. d4 Bb7 4. Nf3 Bb4 5. Bd3 Ne7 6. Bd2 Ng6 7. O-O O-O 8. a3
Be7 9. Qe2 d6 10. Rfe1 Nd7 11. b4 c5 12. bxc5 dxc5 13. Be3 cxd4 14. Bxd4 Rc8
15. Qd2 a6 16. Na4 b5 17. Nb2 Nb6 18. Rec1 Nc4 19. Bxc4 bxc4 20. Qc3 f6 21. Nd2
Nf4 22. Re1 a5 23. Nbxc4 Ba6 24. Qb3 Qxd4 25. Rad1 Bxc4 26. Nxc4 Qxc4 0-1

[Event "Hastings Masters 2016/17"]
[Site "Horntye Park Sports Complex, B"]
[Date "2017.01.01"]
[Round "5.42"]
[White "Reher, Wolfgang"]
[Black "Gunn, Michael J"]
[Result "1/2-1/2"]
[WhiteElo "1832"]
[BlackElo "1671"]
[PlyCount "95"]
[EventDate "2016.12.28"]

1. f4 d5 2. Nf3 g6 3. e3 Bg7 4. d4 Nd7 5. Bd3 Ngf6 6. O-O O-O 7. Ne5 c5 8. c3
c4 9. Bc2 Qc7 10. b3 b5 11. a4 cxb3 12. Bxb3 bxa4 13. Bxa4 Nb6 14. Ba3 Nxa4 15.
Qxa4 Re8 16. Bc5 Bd7 17. Qa5 Qxa5 18. Rxa5 a6 19. Na3 Bf5 20. c4 dxc4 21. Naxc4
Ne4 22. Rfa1 Nxc5 23. Rxc5 f6 24. Nf3 Bd3 25. Ra3 Bxc4 26. Rxc4 Ra7 27. Rca4
Rea8 28. Kf2 e6 29. Ne1 Bf8 30. Rc3 a5 31. Rc6 Kf7 32. Nd3 h6 33. Kf3 Be7 34.
h3 h5 35. g3 Rb8 36. Nc5 Bxc5 37. Rxc5 Rba8 38. g4 hxg4+ 39. hxg4 Ke7 40. g5 f5
41. e4 Rd8 42. Ke3 Rda8 43. exf5 exf5 44. d5 Ra6 45. Kd4 Kd6 46. Rb5 Re8 47.
Kd3 Rea8 48. Kd4 1/2-1/2

[Event "Hastings Masters 2016/17"]
[Site "Horntye Park Sports Complex, B"]
[Date "2017.01.01"]
[Round "5.43"]
[White "Marusenko, Petr"]
[Black "Gamble, Raymond"]
[Result "1-0"]
[WhiteElo "2214"]
[BlackElo "1914"]
[PlyCount "0"]
[EventDate "2016.12.28"]

1. d4 e6 2. Nf3 Nf6 3. e3 b6 4. Bd3 Bb7 5. O-O Be7 6. b3 O-O 7. Bb2 c5 8. c4 d5
9. Nbd2 Ne4 10. Qc2 f5 11. Rad1 Nc6 12. a3 Rc8 13. Ne5 Nxe5 14. dxe5 Qe8 15. f3
Nxd2 16. Rxd2 Qh5 17. f4 g5 18. Be2 Qg6 19. cxd5 Bxd5 20. Bc4 Bxc4 21. Qxc4
Rfd8 22. Rfd1 Rxd2 23. Rxd2 Rd8 24. Rxd8+ Bxd8 25. Qd3 Qe8 26. h3 gxf4 27. exf4
Be7 28. Kf2 Qd8 29. Ke2 Qa8 30. Qf3 Qc8 31. g4 c4 32. gxf5 exf5 33. Qd5+ Kf8
34. bxc4 Qd8 35. e6 Qxd5 36. cxd5 Bd6 37. Bc1 Ke7 38. a4 a6 39. Kd3 b5 40. axb5
axb5 41. Kc3 Bc5 42. Kb3 Bd4 43. Kb4 Bf6 44. Kxb5 1-0